118th Congress- Senators - Statistics

General Stats
  • This quiz has been taken 22 times
  • The average score is 66 of 100
Answer Stats
State Party Senator % Correct
Vermont Independent Bernie Sanders
92%
New York Democrat Chuck Schumer
92%
New Jersey Democrat Cory Booker
92%
Arizona Independent Kyrsten Sinema
92%
South Carolina Republican Lindsey Graham
92%
Florida Republican Rick Scott
92%
Texas Republican Ted Cruz
92%
South Carolina Republican Tim Scott
92%
Illinois Democrat Dick Durbin
83%
Massachusetts Democrat Elizabeth Warren
83%
West Virginia Democrat Joe Manchin
83%
Pennsylvania Democrat John Fetterman
83%
Hawaii Democrat Mazie Hirono
83%
Utah Republican Mitt Romney
83%
Kentucky Republican Rand Paul
83%
Georgia Democrat Raphael Warnock
83%
Maine Independent Angus King
75%
Maryland Democrat Ben Cardin
75%
Iowa Republican Chuck Grassley
75%
New Hampshire Democrat Jeanne Shaheen
75%
Colorado Democrat John Hickenlooper
75%
Missouri Republican Josh Hawley
75%
Alaska Republican Lisa Murkowski
75%
Florida Republican Marco Rubio
75%
Tennesee Republican Marsha Blackburn
75%
Utah Republican Mike Lee
75%
Kentucky Republican Mitch McConnell
75%
Connecticut Democrat Richard Blumenthal
75%
Maine Republican Susan Collins
75%
Wisconsin Democrat Tammy Baldwin
75%
North Carolina Republican Ted Budd
75%
North Carolina Republican Thom Tillis
75%
Alabama Republican Tommy Tuberville
75%
California Democrat Alex Padilla
67%
Minnesota Democrat Amy Klobuchar
67%
New Mexico Democrat Ben Rey Lujan
67%
Hawaii Democrat Brian Schatz
67%
Connecticut Democrat Chris Murphy
67%
Mississippi Republican Cindy Hyde-Smith
67%
Wyoming Republican Cynthia Lummis
67%
Massachusetts Democrat Edward Markey
67%
Nevada Democrat Jacklyn Rosen
67%
Ohio Republican J.D. Vance
67%
Louisiana Republican John Kennedy
67%
Georgia Democrat Jon Ossoff
67%
Montana Democrat Jon Tester
67%
California Democrat Laphonza Butler
67%
Indiana Republican Make Braun
67%
Virginia Democrat Mark Warner
67%
Colorado Democrat Michael Bennet
67%
Idaho Republican Mike Crapo
67%
New Jersey Democrat Robert Menendez
67%
Wisconsin Republican Ron Johnson
67%
Rhode Island Democrat Sheldon Whitehouse
67%
Ohio Democrat Sherrod Brown
67%
Montana Republican Steve Daines
67%
Illinois Democrat Tammy Duckworth
67%
Virginia Democrat Tim Kaine
67%
Minnesota Democrat Tina Smith
67%
Indiana Republican Todd Young
67%
Louisiana Republican Bill Cassidy
58%
Pennsylvania Democrat Bob Casey
58%
Deleware Democrat Chris Coons
58%
Maryland Democrat Chris Van Hollen
58%
Nebraska Republican Deb Fischer
58%
Missouri Republican Eric Schmitt
58%
Michigan Democrat Gary Peters
58%
Idaho Republican James Risch
58%
Arkansas Republican John Boozman
58%
Rhode Island Democrat John Reed
58%
South Dakota Republican John Thune
58%
Iowa Republican Joni Ernst
58%
Alabama Republican Katie Britt
58%
New Hampshire Democrat Maggie Hassan
58%
Washington Democrat Maria Cantwell
58%
South Dakota Republican Mike Rounds
58%
Washington Democrat Patty Murray
58%
Oregon Democrat Ron Wyden
58%
West Virginia Republican Shelly Capito
58%
Arkansas Republican Tom Cotton
58%
Alaska Republican Dan Sullivan
50%
Michigan Democrat Debbie Stabenow
50%
Oklahoma Republican James Lankford
50%
Oregon Democrat Jeff Merkley
50%
Kansas Republican Jerry Moran
50%
Wyoming Republican John Barrasso
50%
Texas Republican John Cornyn
50%
North Dakota Republican John Hoeven
50%
North Dakota Republican Kevin Cramer
50%
Oklahoma Republican Markwayne Mullin
50%
New Mexico Democrat Martin Heinrich
50%
Nebraska Republican Pete Ricketts
50%
Vermont Democrat Peter Welch
50%
Kansas Republican Roger Marshall
50%
Mississippi Republican Roger Wicker
50%
Delaware Democrat Thomas Carper
50%
Tennesee Republican Bill Hagerty
42%
Nevada Democrat Catherine Cortez Masto
42%
New York Democrat Kirsten Gillebrand
33%
Arizona Democrat Mark Kelley
33%
No matching quizzes found
Score Distribution
Percent of People with Each Score
Percentile by Number Answered
Your Score History
You have not taken this quiz